000 00774nam a2200229Ia 4500
005 20251020182616.0
008 200515s9999 xx 000 0 und d
082 _aSC/693.1:69.024/L51/2
100 _aLESUR, Luis
245 0 _aManual de albañilería y autoconstrucción II
260 _aMéxico, D.F.
260 _c1998
300 _a103
520 _aExpone la cadena de coronamiento de la cimentación, la construcción de un firme de concreto, muros y bloques de suelo cemento, así como las formas de construcción con el bloque hueco y el tabique de barro comprimido (adobe)
650 _aALBAÑILERIA
650 _aAPAREJOS
650 _aAUTOCONSTRUCCION
650 _aBLOQUES DE CONCRETO
650 _aCIMENTACIONES
650 _aMUROS
942 _cLIB
999 _c3488
_d3488